Wszyscy czescy skoczkowie narciarscy w historii - Statystyki

Ogólne statystyki
  • Ten quiz został rozwiązany 29 razy
  • Średni wynik to 15 z 42
Statystyki odpowiedzi
Odpowiedź % Poprawnych
Roman Koudelka
95%
Jakub Janda
90%
Jan Matura
80%
Antonin Hajek
75%
Filip Sakala
70%
Jakub Hlava
70%
Jaroslav Sakala
70%
Lukas Hlava
70%
Radek Rydl
70%
Viktor Polasek
65%
Jan Mazoch
60%
Jiri Mazoch
60%
Tomas Vancura
50%
Vojtech Stursa
50%
Benedikt Holub
40%
Borek Sedlak
40%
Cestmir Kozisek
40%
Martin Cikl
35%
Frantisek Holik
30%
Frantisek Jez
30%
Jan Dolezal
30%
Michal Dolezal
30%
Frantisek Vaculik
25%
Jakub Suchacek
25%
Jiri Parma
25%
Ondrej Vaculik
25%
Frantisek Lejsek
20%
David Jiroutek
15%
Jakub Jiroutek
15%
Robert Krenek
15%
Roman Krenek
15%
Zbynek Krompolc
15%
Ladislav Dluhos
10%
Tomas Plny
5%
Jan Balcar
0%
Jaroslav Kahanek
0%
Martin Skotak
0%
Pavel Vechet
0%
Robert Schlup
0%
Robert Szymeczek
0%
Roman Lukes
0%
Tomas Goder
0%
Nie znaleziono quizów pasujących do podanych kryteriów
Rozkład punktacji
Procent ludzi z każdym wynikiem
Percentyl według liczby udzielonych odpowiedzi
Twoja historia wyników
Nie rozwiązałeś tego quizu